Teoría y práctica
Texto tardío de la oceánica obra kantiana, donde intenta refutar el supuesto abismo entre teoría y práctica con respecto a la moralidad. Entre los principales temas que se desarrollan se encuentran un análisis sobre el derecho político y el derecho de gentes, asimismo, intenta demostrar que su doctr...
Salvato in:
| Autore principale: | |
|---|---|
| Natura: | Libro |
| Lingua: | Undetermined |
| Pubblicazione: |
Madrid, España
Tecnos
2000
|
| Edizione: | 3 |
| Soggetti: | |
| Tags: |
Aggiungi Tag
Nessun Tag, puoi essere il primo ad aggiungerne!!
|
MARC
| LEADER | 00000nam a2200000Ia 4500 | ||
|---|---|---|---|
| 008 | 170316s9999 xx 000 0 und d | ||
| 040 | |a cru BVZT | ||
| 090 | |a 100 K-1te | ||
| 100 | |a Kant, Immanuel | ||
| 245 | |a Teoría y práctica | ||
| 250 | |a 3 | ||
| 260 | |a Madrid, España | ||
| 260 | |b Tecnos | ||
| 260 | |c 2000 | ||
| 300 | |a 68 páginas | ||
| 520 | |a Texto tardío de la oceánica obra kantiana, donde intenta refutar el supuesto abismo entre teoría y práctica con respecto a la moralidad. Entre los principales temas que se desarrollan se encuentran un análisis sobre el derecho político y el derecho de gentes, asimismo, intenta demostrar que su doctrina ética implica una teoría política, con lo que delinea una serie de principios efectivos para elaborar una reforma del Estado y la sociedad. | ||
| 650 | |a FILOSOFÍA |9 5 | ||
| 650 | |a ÉTICA |9 104 | ||
| 650 | |a DERECHO | ||
| 999 | |c 16670 |d 16670 | ||
| 942 | |c 4 D |h 100 K-1te |2 z | ||
